| 000 | 00444nam a2200169Ia 4500 | ||
|---|---|---|---|
| 003 | LK-CoDNM | ||
| 005 | 20240724101029.0 | ||
| 008 | 010623t1928 xxu||||| |||| 00| 1 eng d | ||
| 040 |
_aLK-CoDNM _dLK-CoDNM _eLK-CoDNM |
||
| 041 | _aeng | ||
| 080 |
_a8 _bEE48 |
||
| 100 | _aJochelson,Waldemar. | ||
| 245 | _aPeoples of Asiatic Russia | ||
| 260 |
_bAmerican Museum of natural History _c1928 |
||
| 300 | _b277p. : map ; ill : 23 cm | ||
| 942 | _cBK | ||
| 999 |
_c94330 _d94330 |
||